000 00634nam a22002177a 4500
003 OSt
005 20181005151025.0
008 181005b xxu||||| |||| 00| 0 eng d
020 _a9781585281480
040 _cDNLM
082 _aQV18.2 G43p 2007
100 _aGinsburg, Diane B.
_912722
245 _aASHP's PharmPrep: interactive case-based board review
250 _a3rd ed.
260 _aMaryland; American Society of Health-system Pharmacists, 2007
300 _axlviii,432p; ill: 28cm
504 _aAppendices included
650 _aDrug therapy
_91631
650 _apharmaceutical preparations
_91647
942 _2z
_cSLOAN
999 _c6163
_d6163